| 000 | 01158cam a2200313 a 4500 | ||
|---|---|---|---|
| 999 |
_c1394 _d1394 |
||
| 001 | 16938684 | ||
| 003 | OSt | ||
| 005 | 20221229100638.0 | ||
| 008 | 110829s2012 mnua j b 001 0 eng | ||
| 010 | _a 2011035745 | ||
| 020 | _a9781429679961 (pbk.) | ||
| 035 | _a(OCoLC)ocn748812884 | ||
| 040 |
_aDLC _cDLC _dBKX _dBDX _dDLC _dKH8 |
||
| 042 |
_apcc _alcac |
||
| 082 | 0 | 0 |
_a613.6 DOE _223 |
| 100 | 1 |
_aDoeden, Matt. _eauthor |
|
| 245 | 1 | 0 |
_aCan you survive the wilderness? : _ban interactive survival adventure / _cby Matt Doeden. |
| 260 |
_aNorth Mankato, Minn. : _bCapstone Press, _cc2012. |
||
| 300 |
_a112 p. : _bcol. ill. ; _c20 cm. |
||
| 490 | 1 | _aYou choose. Survival | |
| 504 | _aIncludes bibliographical references and index. | ||
| 520 |
_a"Describes the fight for survival while exploring wilderness regions"-- _cProvided by publisher. |
||
| 650 | 0 |
_aWilderness survival _vJuvenile literature. |
|
| 650 | 1 | _aWilderness survival. | |
| 830 | 0 |
_aYou choose. _pSurvival. |
|
| 906 |
_a7 _bcbc _corignew _d1 _eecip _f20 _gy-gencatlg |
||
| 942 |
_2ddc _cNFIC |
||